[Event "British Chess Championships 2023: "]
[Site "The Venue, De Montfort University, 20 Western Boulevard, Leicester, LE2 7BU"]
[Date "2023.07.23"]
[Round "4"]
[Board "18"]
[White "Jelfs, David"]
[Black "Page, Michael"]
[Result "0-1"]
[WhiteElo "1206"]
[BlackElo "1444"]
[PlyCount "54"]
[EventDate "2023.07.21"]
[EventRounds "5"]
[EventCountry "ENG"]

1. e4 d5 2. exd5 Nf6 3. d4 Bg4 4. Be2 Bxe2 5. Nxe2 Qxd5 6. Nbc3 Qh5 7. Nb1 Nc6 8.
O-O O-O-O 9. Nbc3 e5 10. d5 Ne7 11. Nb5 Rxd5 12. Nec3 Rxd1 13. Rxd1 Nc6 14. Be3 b6
15. a4 a5 16. Nd5 Nxd5 17. Rxd5 Be7 18. Rad1 Rd8 19. Rxd8+ Bxd8 20. Rd5 Nd4 21. Na7+
Kb7 22. h3 Qd1+ 23. Kh2 Nf3+ 24. gxf3 Qxd5 25. Kg3 Kxa7 26. f4 g6 27. fxe5 Qxe5+
 0-1

[Event "British Chess Championships 2023: "]
[Site "The Venue, De Montfort University, 20 Western Boulevard, Leicester, LE2 7BU"]
[Date "2023.07.23"]
[Round "4"]
[Board "19"]
[White "Ewart, Thomas"]
[Black "Patel, Diah"]
[Result "0-1"]
[WhiteElo "1002"]
[BlackElo "1369"]
[PlyCount "140"]
[EventDate "2023.07.21"]
[EventRounds "5"]
[EventCountry "ENG"]

1. e4 e5 2. Nf3 Nc6 3. d4 exd4 4. Nxd4 Nf6 5. c3 Nxe4 6. Bd3 Nc5 7. O-O Nxd4 8. cxd4
Nxd3 9. Qxd3 d5 10. Qb5+ c6 11. Qe2+ Be7 12. Re1 Be6 13. Nc3 O-O 14. f4 f5 15. Qxe6+
Rf7 16. Qe2 Qb6 17. Be3 Re8 18. Bf2 Rff8 19. Na4 Qb4 20. b3 b5 21. Nb2 Qa5 22. Qc2
Qc7 23. Re6 Qxf4 24. Rxc6 Qg4 25. Rc7 Qf4 26. Rxa7 Rc8 27. Qd3 Bg5 28. Qxb5 Rc1+
29. Rxc1 Qxc1+ 30. Qf1 Qxb2 31. Qb5 Rc8 32. Qxd5+ Kh8 33. g3 Bf6 34. Ra8 Qc1+ 35.
Kg2 h6 36. Rxc8+ Qxc8 37. a4 f4 38. gxf4 Qg4+ 39. Bg3 Qe2+ 40. Kh3 Qf1+ 41. Qg2 Qb1
42. Qd5 Qf1+ 43. Kg4 Qe2+ 44. Qf3 h5+ 45. Kf5 Qxf3 46. a5 Bxd4 47. a6 Qd3+ 48. Kg5
Qxa6 49. Kxh5 Bf6 50. h4 Qe2+ 51. Kg6 Kg8 52. Kf5 Qd3+ 53. Kg4 Qxb3 54. h5 Qd1+ 55.
Kf5 Qxh5+ 56. Ke4 Qg4 57. Bh2 Qe2+ 58. Kf5 Qxh2 59. Ke6 Qh5 60. f5 g5 61. Kxf6 g4
62. Ke7 g3 63. f6 g2 64. f7+ Qxf7+ 65. Kd6 g1=Q 66. Ke5 Qe1+ 67. Kd6 Qa5 68. Kc6
Qe6+ 69. Kb7 Qab6+ 70. Ka8 Qc8#  0-1

[Event "British Chess Championships 2023: "]
[Site "The Venue, De Montfort University, 20 Western Boulevard, Leicester, LE2 7BU"]
[Date "2023.07.23"]
[Round "4"]
[Board "21"]
[White "Braithwaite, Paul"]
[Black "Belur, Ashwin"]
[Result "1/2-1/2"]
[WhiteElo "1221"]
[BlackElo "992"]
[PlyCount "41"]
[EventDate "2023.07.21"]
[EventRounds "5"]
[EventCountry "ENG"]

1. e4 e5 2. Nf3 d6 3. d3 Be7 4. Be2 Nd7 5. Nc3 c6 6. O-O Ngf6 7. d4 O-O 8. dxe5 dxe5
9. Bd2 Nc5 10. Nxe5 Nfxe4 11. Nxe4 Nxe4 12. Nf3 Nxd2 13. Nxd2 Be6 14. Bc4 Bxc4 15.
Nxc4 Qc7 16. Re1 b5 17. Na3 Bd6 18. g3 Rae8 19. Qf3 Qd7 20. Re2 Rxe2 21. Qxe2  1/2-1/2

[Event "British Chess Championships 2023: "]
[Site "The Venue, De Montfort University, 20 Western Boulevard, Leicester, LE2 7BU"]
[Date "2023.07.23"]
[Round "4"]
[Board "22"]
[White "Dairi, Daniella"]
[Black "Dairi, Mahmoud"]
[Result "0-1"]
[WhiteElo "964"]
[BlackElo "1289"]
[PlyCount "56"]
[EventDate "2023.07.21"]
[EventRounds "5"]
[EventCountry "ENG"]

1. e4 e5 2. Nf3 Nc6 3. Bc4 Bc5 4. O-O Nf6 5. Re1 Ng4 6. h3 Bxf2+ 7. Kf1 Bxe1 8. Qxe1
Nf6 9. Bb5 Nd4 10. Nxd4 exd4 11. Qh4 c6 12. Bc4 O-O 13. d3 d6 14. Bg5 Be6 15. Bxf6
Qxf6+ 16. Qxf6 gxf6 17. Bxe6 fxe6 18. Na3 f5 19. e5 dxe5 20. Re1 e4 21. dxe4 fxe4+
22. Kg1 e3 23. Nc4 Rf2 24. c3 c5 25. Nd6 Rxb2 26. Nc4 dxc3 27. Nxb2 cxb2 28. Rf1
Rf8  0-1

[Event "British Chess Championships 2023: "]
[Site "The Venue, De Montfort University, 20 Western Boulevard, Leicester, LE2 7BU"]
[Date "2023.07.23"]
[Round "4"]
[Board "23"]
[White "Wimble, Garry"]
[Black "Gillibrand, David"]
[Result "0-1"]
[WhiteElo "1077"]
[BlackElo "1227"]
[PlyCount "146"]
[EventDate "2023.07.21"]
[EventRounds "5"]
[EventCountry "ENG"]

1. e4 e5 2. Nf3 Nc6 3. c3 Nf6 4. Qc2 Bc5 5. d3 O-O 6. h3 h6 7. Qe2 Re8 8. Nh2 d5
9. Nd2 a5 10. a4 b6 11. Qf3 d4 12. c4 Nb4 13. Qd1 Qe7 14. Nb3 Bd6 15. Be2 Bd7 16.
O-O c6 17. Bf3 Qd8 18. Qe2 Be6 19. Rd1 b5 20. Nd2 Bd7 21. b3 bxa4 22. Rxa4 c5 23.
Ra1 a4 24. Bb2 Qb6 25. Rdc1 Ra7 26. Ra3 Rea8 27. Nb1 axb3 28. Rxb3 Ba4 29. Ra3 Bd7
30. Rxa7 Rxa7 31. Na3 Nxd3 32. Rc2 Nb4 33. Rd2 Bc7 34. Bc1 Ba4 35. Nb5 Bxb5 36. cxb5
d3 37. Qf1 Qxb5 38. Bb2 Ra2 39. Qb1 Qa5 40. g3 Nd7 41. Nf1 Nb6 42. Ne3 Bd6 43. Qc1
c4 44. Bc3 Rxd2 45. Qxd2 Qb5 46. Bd1 Nc6 47. Qa2 Kh7 48. Kg2 Ne7 49. Qb2 Qxb2 50.
Bxb2 Bb4 51. Kf1 c3 52. Bxc3 Bxc3 53. Nd5 Ba5 54. Nxb6 Bxb6 55. f4 exf4 56. gxf4
Bc7 57. e5 f6 58. Kf2 d2 59. Ke3 Nf5+ 60. Kxd2 fxe5 61. Bg4 g6 62. fxe5 Bxe5 63.
Bxf5 gxf5 64. Ke3 Kg6 65. Kf3 Kg5 66. Kg2 h5 67. Kf3 f4 68. Ke4 Bb2 69. Kf3 Bc1 70.
Kg2 Kf5 71. Kf3 Ke5 72. Kg2 Ke4 73. h4 Ke3  0-1

[Event "British Chess Championships 2023: "]
[Site "The Venue, De Montfort University, 20 Western Boulevard, Leicester, LE2 7BU"]
[Date "2023.07.23"]
[Round "4"]
[Board "24"]
[White "Walsh, Shaun"]
[Black "Shoulders, Andrew M"]
[Result "1-0"]
[WhiteElo "1323"]
[BlackElo "1043"]
[PlyCount "39"]
[EventDate "2023.07.21"]
[EventRounds "5"]
[EventCountry "ENG"]

1. e4 c5 2. Nf3 d6 3. d4 Bg4 4. dxc5 dxc5 5. Qxd8+ Kxd8 6. Be2 Bxf3 7. Bxf3 h6 8.
Nc3 Nc6 9. Be3 Nb4 10. O-O-O+ Kc8 11. Bxc5 Nf6 12. Bxb4 e5 13. Bxf8 Rxf8 14. Rd2
g5 15. Rd6 Ng8 16. Rhd1 Kc7 17. Nb5+ Kc8 18. Bg4+ f5 19. Bxf5+ Rxf5 20. Rd8#  1-0

[Event "British Chess Championships 2023: "]
[Site "The Venue, De Montfort University, 20 Western Boulevard, Leicester, LE2 7BU"]
[Date "2023.07.24"]
[Round "5"]
[Board "1"]
[White "Tunnacliffe, Alan"]
[Black "Jelfs, Tim"]
[Result "0-1"]
[WhiteElo "1495"]
[BlackElo "1423"]
[PlyCount "74"]
[EventDate "2023.07.21"]
[EventRounds "5"]
[EventCountry "ENG"]

1. e4 c6 2. d4 d5 3. exd5 cxd5 4. Nf3 Nc6 5. Ne5 a6 6. Nxc6 bxc6 7. Bd3 Nf6 8. O-O
Bg4 9. f3 Bh5 10. c3 e6 11. Bf4 Bd6 12. Bxd6 Qxd6 13. Qe2 a5 14. Nd2 Bg6 15. Nb3
Bxd3 16. Qxd3 O-O 17. Nc5 Nd7 18. Nxd7 Qxd7 19. f4 f5 20. Rf3 Qd6 21. Re1 c5 22.
Qe3 cxd4 23. Qxd4 Rab8 24. Qd2 Qb6+ 25. Rf2 Rb7 26. Kh1 a4 27. a3 Kf7 28. Qc2 Qc6
29. Rd2 Rfb8 30. Rb1 Qa6 31. Qc1 Qd6 32. Rd4 Qxa3 33. Rb4 Rxb4 34. cxb4 Qxb4 35.
Qc7+ Kg8 36. Qc6 Qe4 37. Rf1 h6  0-1

[Event "British Chess Championships 2023: "]
[Site "The Venue, De Montfort University, 20 Western Boulevard, Leicester, LE2 7BU"]
[Date "2023.07.24"]
[Round "5"]
[Board "2"]
[White "Fraser, Roland"]
[Black "Roychowdhury, Aashita"]
[Result "1-0"]
[WhiteElo "1437"]
[BlackElo "1464"]
[PlyCount "85"]
[EventDate "2023.07.21"]
[EventRounds "5"]
[EventCountry "ENG"]

1. e4 c6 2. Nc3 d5 3. Nf3 Bg4 4. h3 Bxf3 5. Qxf3 e6 6. exd5 cxd5 7. d4 Bb4 8. a3
Ba5 9. b4 Bb6 10. Be3 Qc7 11. Bb5+ Nc6 12. Na4 Rc8 13. Bf4 Qe7 14. Nxb6 axb6 15.
O-O Nf6 16. Be5 O-O 17. Bxf6 Qxf6 18. Qxf6 gxf6 19. Rfd1 Ra8 20. c4 dxc4 21. Bxc4
Ra7 22. Bb3 Rfa8 23. d5 exd5 24. b5 Nb4 25. Bxd5 Nxd5 26. Rxd5 Rxa3 27. Rxa3 Rxa3
28. Rd6 Kg7 29. Rxb6 Ra7 30. g4 Kg6 31. h4 h6 32. Kg2 Kg7 33. Kg3 Kg6 34. h5+ Kg7
35. Kf4 Ra4+ 36. Kf5 Ra2 37. f4 Rb2 38. Rxb7 Rb4 39. b6 Rd4 40. Rb8 Rc4 41. Rd8 Rc6
42. b7 Rc5+ 43. Ke4  1-0

[Event "British Chess Championships 2023: "]
[Site "The Venue, De Montfort University, 20 Western Boulevard, Leicester, LE2 7BU"]
[Date "2023.07.24"]
[Round "5"]
[Board "3"]
[White "Morris, Samuel"]
[Black "Clark, Jack"]
[Result "1-0"]
[WhiteElo "1300"]
[BlackElo "1400"]
[PlyCount "79"]
[EventDate "2023.07.21"]
[EventRounds "5"]
[EventCountry "ENG"]

1. d4 Nf6 2. Bf4 d6 3. e3 g6 4. Nd2 Bg7 5. Bd3 Nc6 6. Ngf3 O-O 7. c3 e5 8. Bg5 h6
9. Bh4 Re8 10. Qb3 Qd7 11. Bxf6 Bxf6 12. Bxg6 Qe6 13. Qxe6 Bxe6 14. Be4 d5 15. Bc2
e4 16. Ng1 Na5 17. f3 Bf5 18. Ne2 Bh4+ 19. g3 Bg5 20. f4 Bf6 21. O-O-O Bg4 22. Rde1
Rac8 23. h3 Bf3 24. Rh2 c5 25. Rf2 Kh8 26. Nxf3 exf3 27. Rxf3 Nc4 28. dxc5 Nxe3 29.
Nd4 Nxc2 30. Rxe8+ Rxe8 31. Kxc2 Bxd4 32. cxd4 Kg7 33. Kd2 f5 34. Re3 Rd8 35. Re7+
Kf6 36. Rxb7 Re8 37. Rxa7 Re4 38. Kd3 h5 39. b4 Ke6 40. b5  1-0

[Event "British Chess Championships 2023: "]
[Site "The Venue, De Montfort University, 20 Western Boulevard, Leicester, LE2 7BU"]
[Date "2023.07.24"]
[Round "5"]
[Board "4"]
[White "Jardine, Kenneth"]
[Black "Clare, Philip"]
[Result "1-0"]
[WhiteElo "1537"]
[BlackElo "1355"]
[PlyCount "22"]
[EventDate "2023.07.21"]
[EventRounds "5"]
[EventCountry "ENG"]

1. e4 c5 2. Nf3 Nc6 3. c3 e5 4. d4 cxd4 5. cxd4 exd4 6. Nxd4 Nf6 7. Nc3 Bb4 8. Nxc6
bxc6 9. Bd3 O-O 10. O-O Re8 11. Re1 d6  1-0

[Event "British Chess Championships 2023: "]
[Site "The Venue, De Montfort University, 20 Western Boulevard, Leicester, LE2 7BU"]
[Date "2023.07.24"]
[Round "5"]
[Board "5"]
[White "Lennon, Dominic"]
[Black "Jennis, Alistair"]
[Result "1-0"]
[WhiteElo "1457"]
[BlackElo "1286"]
[PlyCount "91"]
[EventDate "2023.07.21"]
[EventRounds "5"]
[EventCountry "ENG"]

1. e4 e6 2. d4 d5 3. exd5 exd5 4. Nf3 Nf6 5. h3 Bd6 6. Bd3 O-O 7. O-O c6 8. Bg5 h6
9. Bh4 Be6 10. Nbd2 Nbd7 11. c4 dxc4 12. Nxc4 Be7 13. Re1 Nd5 14. Bxe7 Nxe7 15. Re3
Nd5 16. Re2 Nf4 17. Re4 Nxd3 18. Qxd3 Bf5 19. Qe2 Bxe4 20. Qxe4 Nb6 21. Nce5 Qd5
22. Qg4 Qe6 23. Qg3 Nd7 24. b3 Nxe5 25. Nxe5 Rad8 26. Re1 f6 27. Nf3 Qf7 28. Re4
Rfe8 29. Rh4 Kf8 30. Rf4 Qd5 31. Ne5 Rxe5 32. dxe5 Qxe5 33. Qf3 Rd2 34. Re4 Qd6 35.
Re1 Rxa2 36. Qe3 Qd7 37. b4 b6 38. Qb3 Qd2 39. Rf1 Rb2 40. Qe6 Qxb4 41. Re1 Qxe1+
42. Qxe1 a5 43. Qc1 Rb4 44. Qxc6 b5 45. Qa8+ Kf7 46. Qxa5  1-0

[Event "British Chess Championships 2023: "]
[Site "The Venue, De Montfort University, 20 Western Boulevard, Leicester, LE2 7BU"]
[Date "2023.07.24"]
[Round "5"]
[Board "6"]
[White "Miraghaie, John"]
[Black "Gunarathne, Miheli"]
[Result "1-0"]
[WhiteElo "1375"]
[BlackElo "982"]
[PlyCount "83"]
[EventDate "2023.07.21"]
[EventRounds "5"]
[EventCountry "ENG"]

1. d4 e6 2. c4 d5 3. Nc3 Nf6 4. Bg5 Be7 5. Nf3 Nc6 6. e3 h6 7. Bxf6 Bxf6 8. cxd5
exd5 9. Bd3 Bg4 10. O-O O-O 11. h3 Bh5 12. Rc1 Qd7 13. Be2 Be7 14. Ne1 Bxe2 15. Qxe2
f5 16. Nd3 Rf6 17. Nf4 Re8 18. Ncxd5 Rff8 19. Nxe7+ Nxe7 20. Qc4+ Kh8 21. Qxc7 Qb5
22. Qc2 Rc8 23. Qb3 Qxb3 24. axb3 Nc6 25. Ng6+ Kg8 26. Nxf8 Rxf8 27. Rc3 f4 28. Re1
f3 29. d5 Na5 30. e4 fxg2 31. e5 Rd8 32. d6 Kf7 33. e6+ Ke8 34. d7+ Ke7 35. Rc8 Rxc8
36. dxc8=Q Nxb3 37. Qd7+ Kf8 38. e7+ Kf7 39. e8=Q+ Kf6 40. Re6+ Kg5 41. Qg6+ Kf4
42. Qdf7#  1-0

[Event "British Chess Championships 2023: "]
[Site "The Venue, De Montfort University, 20 Western Boulevard, Leicester, LE2 7BU"]
[Date "2023.07.24"]
[Round "5"]
[Board "7"]
[White "White, Nigel"]
[Black "Ware, Adam"]
[Result "0-1"]
[WhiteElo "1434"]
[BlackElo "1483"]
[PlyCount "104"]
[EventDate "2023.07.21"]
[EventRounds "5"]
[EventCountry "ENG"]

1. e4 c6 2. Nc3 d5 3. Nf3 Bg4 4. h3 Bxf3 5. Qxf3 e6 6. exd5 cxd5 7. d4 Nc6 8. Bb5
Nge7 9. Bd2 a6 10. Bxc6+ Nxc6 11. Ne2 Qb6 12. Qb3 Qxb3 13. axb3 g6 14. c3 Bg7 15.
O-O b6 16. b4 O-O 17. Ra2 Ra7 18. Rfa1 Rfa8 19. Be3 Ne7 20. Nc1 Nf5 21. g4 Nd6 22.
Nb3 Nc4 23. Nd2 Nxe3 24. fxe3 Bf8 25. Kf2 Kg7 26. e4 dxe4 27. Nxe4 Be7 28. Nd2 Kh6
29. Nc4 Bd8 30. Ne5 f5 31. Kg3 Bc7 32. Kf3 Bxe5 33. dxe5 Kg5 34. gxf5 Kxf5 35. Re1
Rd8 36. c4 Rd4 37. c5 Rxb4 38. cxb6 Rxb6 39. Ra4 Rb3+ 40. Re3 Rxe3+ 41. Kxe3 Kxe5
42. Re4+ Kf6 43. Kf4 Rb7 44. b4 Rb5 45. Kg3 e5 46. Rc4 a5 47. bxa5 Rxa5 48. Kg4 h5+
49. Kh4 Rd5 50. Rc8 e4 51. Rf8+ Ke7 52. Rf4 g5+  0-1

[Event "British Chess Championships 2023: "]
[Site "The Venue, De Montfort University, 20 Western Boulevard, Leicester, LE2 7BU"]
[Date "2023.07.24"]
[Round "5"]
[Board "8"]
[White "Miles, Barry S"]
[Black "Boztas, Lana"]
[Result "1-0"]
[WhiteElo "1407"]
[BlackElo "1481"]
[PlyCount "91"]
[EventDate "2023.07.21"]
[EventRounds "5"]
[EventCountry "ENG"]

1. d4 g6 2. c4 Bg7 3. Nc3 Nf6 4. e4 d6 5. Nf3 O-O 6. h3 c6 7. Be3 Qa5 8. Qd2 Bd7
9. Be2 b5 10. e5 dxe5 11. dxe5 Ne8 12. O-O b4 13. Ne4 Bxe5 14. Nc5 Bd6 15. Nxd7 Nxd7
16. Nd4 Rc8 17. Nb3 Qc7 18. Rad1 c5 19. Bg4 Nef6 20. Bxd7 Nxd7 21. Qe2 Nf6 22. Qf3
Qc6 23. Qxc6 Rxc6 24. Nc1 a5 25. b3 Ra8 26. Ne2 Kg7 27. Rfe1 a4 28. Bf4 axb3 29.
axb3 Ra3 30. Bxd6 exd6 31. Rd3 Rca6 32. f3 Ra1 33. Kf2 Rxe1 34. Kxe1 Nd7 35. f4 f5
36. g4 Nf6 37. gxf5 gxf5 38. Ng3 Kg6 39. Kf2 h5 40. Kf3 h4 41. Nf1 Kf7 42. Ne3 Ne4
43. Nxf5 Nc3 44. Nxd6+ Ke6 45. Ne4 Nb1 46. Nxc5+  1-0

[Event "British Chess Championships 2023: "]
[Site "The Venue, De Montfort University, 20 Western Boulevard, Leicester, LE2 7BU"]
[Date "2023.07.24"]
[Round "5"]
[Board "10"]
[White "Page, Michael"]
[Black "Walke, Kedar"]
[Result "1-0"]
[WhiteElo "1444"]
[BlackElo "1178"]
[PlyCount "53"]
[EventDate "2023.07.21"]
[EventRounds "5"]
[EventCountry "ENG"]

1. e4 e5 2. Nf3 Nc6 3. Nc3 Nf6 4. d4 exd4 5. Nxd4 Qe7 6. Qd3 d5 7. f3 Bf5 8. Nxf5
Qe6 9. Bf4 O-O-O 10. Nd4 Nxd4 11. Qxd4 dxe4 12. Qc4 exf3+ 13. Qxe6+ fxe6 14. gxf3
Bb4 15. Bd2 Rd7 16. O-O-O Rhd8 17. Bh3 Re7 18. Rhe1 Rde8 19. a3 Bd6 20. Re2 Kb8 21.
Bg5 h6 22. Bxf6 gxf6 23. Rde1 e5 24. Nd5 Rf7 25. f4 Rd8 26. fxe5 Bxe5 27. Rd1  1-0

[Event "British Chess Championships 2023: "]
[Site "The Venue, De Montfort University, 20 Western Boulevard, Leicester, LE2 7BU"]
[Date "2023.07.24"]
[Round "5"]
[Board "11"]
[White "Ashworth, Jaime"]
[Black "Savage, Simon"]
[Result "1/2-1/2"]
[WhiteElo "1418"]
[BlackElo "1357"]
[PlyCount "40"]
[EventDate "2023.07.21"]
[EventRounds "5"]
[EventCountry "ENG"]

1. e4 e5 2. Nf3 Nc6 3. Bc4 Nf6 4. Ng5 d5 5. exd5 Na5 6. Bb5+ Bd7 7. Bxd7+ Qxd7 8.
O-O Nxd5 9. Nc3 Nc6 10. Re1 Nxc3 11. dxc3 Qxd1 12. Rxd1 Rd8 13. Be3 Be7 14. Nf3 Rxd1+
15. Rxd1 O-O 16. b4 Bd6 17. a3 f6 18. c4 b6 19. h3 Rd8 20. Rd2 Be7  1/2-1/2

[Event "British Chess Championships 2023: "]
[Site "The Venue, De Montfort University, 20 Western Boulevard, Leicester, LE2 7BU"]
[Date "2023.07.24"]
[Round "5"]
[Board "12"]
[White "Osborne, Keith C"]
[Black "Sharma, Lalit Vidyadhar Nandyala"]
[Result "0-1"]
[WhiteElo "1386"]
[BlackElo "1259"]
[PlyCount "136"]
[EventDate "2023.07.21"]
[EventRounds "5"]
[EventCountry "ENG"]

1. d4 e5 2. dxe5 d6 3. exd6 Bxd6 4. Nf3 Nc6 5. a3 Bg4 6. Nc3 Nf6 7. Bg5 h6 8. Bh4
Qe7 9. Nd5 Qe6 10. Nxf6+ gxf6 11. c3 O-O-O 12. Qa4 Bxf3 13. gxf3 Kb8 14. e3 Ne5 15.
f4 Nf3+ 16. Ke2 Nxh4 17. f5 Nxf5 18. Bg2 Rhg8 19. Rhg1 Bxh2 20. Rgd1 Rxd1 21. Rxd1
Nd6 22. Bf3 a6 23. Qb4 Qc4+ 24. Qxc4 Nxc4 25. Bd5 Nxb2 26. Rb1 Na4 27. Rxb7+ Kc8
28. Ra7 Kd7 29. Bxf7 Rf8 30. Be6+ Ke7 31. Bc4 Nxc3+ 32. Kd3 Nb1 33. Rxa6 Bd6 34.
a4 h5 35. Bd5 h4 36. Rc6 h3 37. Rc1 Na3 38. Rh1 Rh8 39. Bc6 f5 40. f4 Bb4 41. e4
Rd8+ 42. Ke2 Rd2+ 43. Kf3 fxe4+ 44. Bxe4 h2 45. Kg3 c5 46. Bg2 c4 47. Rxh2 c3 48.
Rh7+ Kf6 49. Be4 Re2 50. Rh6+ Kg7 51. Rh7+ Kg8 52. Bf5 c2 53. Bxc2 Rxc2 54. Ra7 Ra2
55. a5 Nb5 56. Ra8+ Kf7 57. a6 Bc5 58. Rc8 Bb6 59. Kg4 Rxa6 60. Rc6 Nc7 61. Rd6 Na8
62. f5 Ra4+ 63. Kh5 Ra5 64. Kg4 Bc5 65. Rh6 Bf8 66. Re6 Nc7 67. Rb6 Ra4+ 68. Kf3
Nd5  0-1

[Event "British Chess Championships 2023: "]
[Site "The Venue, De Montfort University, 20 Western Boulevard, Leicester, LE2 7BU"]
[Date "2023.07.24"]
[Round "5"]
[Board "13"]
[White "Patel, Diah"]
[Black "Old, Rob"]
[Result "1-0"]
[WhiteElo "1369"]
[BlackElo "1381"]
[PlyCount "99"]
[EventDate "2023.07.21"]
[EventRounds "5"]
[EventCountry "ENG"]

1. e4 c6 2. Nf3 d5 3. d3 dxe4 4. Ng5 exd3 5. Bxd3 Nf6 6. Nxf7 Qa5+ 7. Bd2 Qb6 8.
Nxh8 e5 9. Qe2 Bd6 10. Bxh7 Qxb2 11. Bc3 Qc1+ 12. Qd1 Qxd1+ 13. Kxd1 Nxh7 14. Re1
Nd7 15. Ng6 Kf7 16. Nxe5+ Nxe5 17. Bxe5 Bb4 18. Nc3 Bg4+ 19. f3 Rd8+ 20. Kc1 Bf5
21. g4 Be6 22. a3 Ba5 23. Re4 Ng5 24. Rf4+ Kg6 25. Ra4 Bb6 26. f4 Nf3 27. f5+ Bxf5
28. gxf5+ Kxf5 29. Rf4+ Kxe5 30. Rxf3 Rh8 31. Rf7 Bd4 32. Kb2 g5 33. Re1+ Kd6 34.
Re4 c5 35. Kb3 Bxc3 36. Kxc3 Kd5 37. Rg4 Rh3+ 38. Kb2 Rxh2 39. Rxg5+ Kd4 40. Rxb7
c4 41. Rb4 Re2 42. Rg4+ Kc5 43. Rbxc4+ Kd5 44. Rc8 Re6 45. c4+ Kd6 46. Rg5 Kd7 47.
Ra8 a6 48. Ra7+ Kd8 49. Rgg7 a5 50. Ra8#  1-0

[Event "British Chess Championships 2023: "]
[Site "The Venue, De Montfort University, 20 Western Boulevard, Leicester, LE2 7BU"]
[Date "2023.07.24"]
[Round "5"]
[Board "14"]
[White "Butler, Rene"]
[Black "Boshoff, Nathan"]
[Result "1/2-1/2"]
[WhiteElo "1269"]
[BlackElo "1378"]
[PlyCount "62"]
[EventDate "2023.07.21"]
[EventRounds "5"]
[EventCountry "ENG"]

1. d4 Nf6 2. Bg5 g6 3. e3 Bg7 4. Bxf6 Bxf6 5. Nf3 O-O 6. Bd3 d6 7. c3 Bg4 8. Be2
c5 9. O-O Nd7 10. Nbd2 Re8 11. Ne4 Qb6 12. Qb3 Qxb3 13. axb3 a6 14. h3 Bxf3 15. Nxf6+
Nxf6 16. Bxf3 Rab8 17. dxc5 dxc5 18. Rfd1 e5 19. Bd5 Nxd5 20. Rxd5 Rbc8 21. Ra5 b6
22. Rxa6 Re6 23. c4 Kg7 24. Rd7 Rcc6 25. Raa7 Rf6 26. Rac7 Rxc7 27. Rxc7 Rd6 28.
Ra7 Rd3 29. Ra3 g5 30. e4 Rd1+ 31. Kh2 Rd3  1/2-1/2

[Event "British Chess Championships 2023: "]
[Site "The Venue, De Montfort University, 20 Western Boulevard, Leicester, LE2 7BU"]
[Date "2023.07.24"]
[Round "5"]
[Board "15"]
[White "Szwajkun, Steve"]
[Black "West, Nic"]
[Result "0-1"]
[WhiteElo "1321"]
[BlackElo "1100"]
[PlyCount "76"]
[EventDate "2023.07.21"]
[EventRounds "5"]
[EventCountry "ENG"]

1. Nf3 d5 2. d3 Nf6 3. Nbd2 g6 4. c3 Bg7 5. g3 O-O 6. Bg2 Nc6 7. O-O Bf5 8. Re1 e5
9. Nh4 Bg4 10. Qc2 Rb8 11. e4 d4 12. cxd4 Nxd4 13. Qc3 Ne2+ 14. Rxe2 Bxe2 15. Bf1
Bxf1 16. Nxf1 Qd4 17. Qxc7 Qxd3 18. Qxe5 Qxe4 19. Qc5 Ng4 20. f3 Qd4+ 21. Qxd4 Bxd4+
22. Kg2 Ne5 23. Rb1 Rbc8 24. Be3 Rc2+ 25. Kh3 Bxb2 26. Bxa7 Ra8 27. Ne3 Re2 28. Bc5
Rxa2 29. Rg1 Bd4 30. Rg2 Bxc5 31. Rxe2 Rxe2 32. Neg2 b5 33. Nf4 Rf2 34. Nd5 Nxf3
35. Nf4 Rxh2+ 36. Kg4 Ne5+ 37. Kg5 Be7+ 38. Kh6 Ng4#  0-1

[Event "British Chess Championships 2023: "]
[Site "The Venue, De Montfort University, 20 Western Boulevard, Leicester, LE2 7BU"]
[Date "2023.07.24"]
[Round "5"]
[Board "16"]
[White "Walton, Alison"]
[Black "Kelly, Martin"]
[Result "0-1"]
[WhiteElo "1191"]
[BlackElo "1429"]
[PlyCount "70"]
[EventDate "2023.07.21"]
[EventRounds "5"]
[EventCountry "ENG"]

1. e4 e5 2. Nf3 Nc6 3. Bb5 a6 4. Ba4 Nf6 5. Nc3 b5 6. Bb3 Be7 7. O-O O-O 8. d4 exd4
9. Nxd4 Nxd4 10. Qxd4 d6 11. Bg5 c5 12. Qe3 c4 13. Bxc4 bxc4 14. Rad1 Ng4 15. Bxe7
Nxe3 16. Bxd8 Nxd1 17. Bc7 Nxc3 18. bxc3 Re8 19. Re1 f5 20. f3 fxe4 21. Bxd6 Bb7
22. f4 Rad8 23. Be5 Rd7 24. g4 Red8 25. Re3 Rd1+ 26. Kg2 R8d2+ 27. Kh3 Rxc2 28. Kh4
Rxh2+ 29. Kg5 Rxa2 30. Rh3 Rad2 31. f5 Rd3 32. Rh4 e3 33. Bxg7 e2 34. f6 e1=Q 35.
Kh6 Qxh4#  0-1

[Event "British Chess Championships 2023: "]
[Site "The Venue, De Montfort University, 20 Western Boulevard, Leicester, LE2 7BU"]
[Date "2023.07.24"]
[Round "5"]
[Board "17"]
[White "Bradley, Eric"]
[Black "Braithwaite, Paul"]
[Result "1-0"]
[WhiteElo "1289"]
[BlackElo "1221"]
[PlyCount "107"]
[EventDate "2023.07.21"]
[EventRounds "5"]
[EventCountry "ENG"]

1. b3 e5 2. Bb2 Nc6 3. e3 Nf6 4. Bb5 d6 5. Bxc6+ bxc6 6. Nf3 Be7 7. O-O O-O 8. h3
e4 9. Nd4 Bd7 10. Nc3 c5 11. Nde2 a6 12. a4 c6 13. a5 d5 14. Nf4 c4 15. bxc4 dxc4
16. Nh5 Rb8 17. Ra2 Be6 18. Nxf6+ Bxf6 19. Ba1 Bxc3 20. Bxc3 Rb5 21. f4 exf3 22.
Qxf3 Rf5 23. Qxc6 Rxf1+ 24. Kxf1 Qb8 25. Rb2 Qc8 26. Qxc8 Rxc8 27. Rb6 Ra8 28. g4
Bd7 29. Rb4 Bb5 30. Kf2 Re8 31. Kf3 Re6 32. d4 cxd3 33. cxd3 Rc6 34. Bb2 h6 35. d4
Rf6+ 36. Kg3 Re6 37. d5 Rxe3+ 38. Kf4 Rxh3 39. Rd4 g5+ 40. Ke5 Rb3 41. Bc1 Rc3 42.
Bd2 Rc4 43. d6 Rxd4 44. Kxd4 Bd7 45. Kc5 Bxg4 46. Kb6 Bc8 47. Kc7 Bh3 48. d7 Bxd7
49. Kxd7 g4 50. Bxh6 f5 51. Kc7 g3 52. Be3 g2 53. Kb6 f4 54. Bg1  1-0

[Event "British Chess Championships 2023: "]
[Site "The Venue, De Montfort University, 20 Western Boulevard, Leicester, LE2 7BU"]
[Date "2023.07.24"]
[Round "5"]
[Board "18"]
[White "Dairi, Mahmoud"]
[Black "Glasbey, Billy"]
[Result "1-0"]
[WhiteElo "1289"]
[BlackElo "1137"]
[PlyCount "45"]
[EventDate "2023.07.21"]
[EventRounds "5"]
[EventCountry "ENG"]

1. e4 c5 2. Be2 Nc6 3. d3 d6 4. f4 Nf6 5. Nf3 e5 6. f5 d5 7. Bg5 Be7 8. Bxf6 Bxf6
9. O-O O-O 10. Qe1 Bg5 11. Nc3 Nb4 12. Bd1 d4 13. Ne2 Re8 14. a3 Nc6 15. Kh1 Be7
16. Ng3 Qa5 17. Qf2 b5 18. Nh5 g6 19. Qg3 Kf8 20. fxg6 hxg6 21. Nxe5 Nxe5 22. Qxe5
Qd8 23. Qg7#  1-0